| 000 | 00981nam a22003017a 4500 | ||
|---|---|---|---|
| 003 | URS | ||
| 005 | 20240708221921.0 | ||
| 008 | 240511t2019 nyu||||| |||| 00| 0 eng d | ||
| 020 | _a9781462540044 | ||
| 040 |
_aDLC _beng _cDLC _dDLC _dURS _erda |
||
| 082 |
_a372.6 _bB9967 2019 |
||
| 100 | _aByrnes, James P. | ||
| 245 |
_aLanguage and literacy development: _bwhat educators need to know/ _cJames P. Byrnes, and Barbara A. Wasik. |
||
| 264 |
_aNew York: _bThe Guilford Press, _c[2019] |
||
| 300 |
_axiv, 450 pages; _c23 cm. |
||
| 336 |
_2rdacontent _atext _btxt |
||
| 337 |
_2rdamedia _aunmediated _bn |
||
| 338 |
_2rdacarrier _avolume _bnc |
||
| 504 | _aIncludes bibliographical references(pages 397-439) and index. | ||
| 650 | _aLanguage acquisition | ||
| 650 | _aLiteracy development | ||
| 650 | _aEducational psychology | ||
| 650 | _aTeaching methods | ||
| 650 | _aLanguage arts | ||
| 650 | _aEarly childhood education | ||
| 700 | _aWasik, Barbara A. | ||
| 942 |
_2ddc _cF |
||
| 999 |
_c79893 _d79892 |
||